000 00671ckm a22002175a 4500
001 L143207
008 080416s1813 xxk eng u
035 _a(Sirsi) u143207
041 _aeng
100 1 _aRowlandson, Thomas
245 0 0 _aMock auction or Boney selling stolen goods
_h[graphic]
260 _aLondon
_bR. Ackermann
_c1813
300 _a1 print
_bcol., mounted
_c26 x 36 cm.
340 _aPrint
351 _cSingle item
500 _aItem is a coloured print presented by Mr A. J. F. Critchel in 1939.
651 4 _aGreat Britain
_y1707-
690 _aPROPERTY-PROPERTY ACQUISITION AND DISPOSAL AT AUCTION
700 2 _aAckermann, R.
942 _n0
999 _c116802
_d116802